Výroční zpráva Československé obchodní a průmyslové komory za rok 1983

Gespeichert in:
Bibliographische Detailangaben
Format: Buch
Sprache:Tschechisch
Veröffentlicht: Praha Československá obchodní a průmyslová komora 1984
Tags: Tag hinzufügen
Keine Tags, Fügen Sie das erste Tag hinzu!

MARC

LEADER 00000nam a2200000 4500
001 c116342
005 20250526110645.7
041 0 |a cze 
044 |a CZ 
245 1 0 |a Výroční zpráva Československé obchodní a průmyslové komory za rok 1983 
264 1 |a Praha  |b Československá obchodní a průmyslová komora  |c 1984 
300 |a 142 s.